000 00716nam a2200205Ia 4500
003 GCL
008 140319s9999 xx 000 0 ara d
040 _aGCL /
_cGCL
082 0 4 _a668.423
_bس ت
100 1 _aسليمان خليفة
245 1 0 _aتكنولوجيا وقوالب التشكيل الحرارى /
_cسليمان خليفة
250 _aالاولى
260 _aسوريا :
_bدار دمشق للنشر والتوزيع والطباعة ،
_c1997
300 _a303 ص ؛
_c24 سم
490 _aسلسلة شذى لعلم البلاستيك
_v6
650 0 4 _aالبلاستيك
650 0 4 _aالبلاستيك - تشكيل
650 0 4 _aالبلاستيك الحرارى
942 _2ddc
_cBK
999 _c9894
_d9894